00747 a2200181 4500003000500000005001700005008004100022040000600063082001200069100002400081245005500105260004600160300000900206500000800215505029900223538002900522650001400551NUST20171122115509.0171122b xxu||||| |||| 00| 0 eng d c0 a907 GAW aGawronski, Donald V aHistory : cDonald V gawronskibMeaning and Method bNational Book FoundationaISLAMABADc1967 a117p aH.B aUniversal States (Page-1) Universal Churches (Page-76)Heroic Ages (Page-120) Contacts Between Civilizations in Space (Page-144) Contacts Between Civilizations in Time (Page-241) Law and Freedom in History (Page-261) The Prospects of the Western Civilization (Page-302) Conclusion (Page-350).  aAlmirah No.59 Shelf No.3 aHistory :